Career Paths for the 21st Century : How to Beat Job Insecurity /

محفوظ في:
التفاصيل البيبلوغرافية
المؤلف الرئيسي: Durcan, Jim
مؤلفون آخرون: Oates, David
التنسيق: Sách giấy
اللغة:English
منشور في: London : Century, 1996
الوسوم: إضافة وسم
لا توجد وسوم, كن أول من يضع وسما على هذه التسجيلة!
Thư viện lưu trữ: Thư viện Trường Đại học Đà Lạt
LEADER 00621nam a2200253 4500
001 DLU020000793
005 ##1/4/1999
020 # # |a 0-7126-7607-4 
041 # # |a eng 
082 # # |a 331.702  |b DU-J 
100 # # |a Durcan, Jim 
245 # # |a Career Paths for the 21st Century :  |b How to Beat Job Insecurity /  |c Jim Durcan, David Oates 
260 # # |a London :  |b Century,  |c 1996 
300 # # |a VI, 211 tr.;  |c 23 cm. 
700 # # |a Oates, David 
992 # # |a 6000 
994 # # |a DLU 
900 # # |a False 
911 # # |a Administrator 
925 # # |a G 
926 # # |a A 
927 # # |a SH 
980 # # |a Thư viện Trường Đại học Đà Lạt